European Mortgage Federation (Record no. 119688)

MARC details
000 -LEADER
fixed length control field 00926cam a2200265 4500
001 - CONTROL NUMBER
control field WS108710
008 - FIXED-LENGTH DATA ELEMENTS--GENERAL INFORMATION
fixed length control field 000000n 000 0 eng u
035 ## - SYSTEM CONTROL NUMBER
System control number (Sirsi) u108710
110 ## - MAIN ENTRY--CORPORATE NAME
Corporate name or jurisdiction name as entry element European Mortgage Federation
9 (RLIN) 3838
245 ## - TITLE STATEMENT
Title European Mortgage Federation
520 ## - SUMMARY, ETC.
Summary, etc. Site for this European organisation representing mortgage lenders. Includes detailed statistics and an outline of recent developments in the mortgage markets. Also links to their paid information service 'Mortgage Information'.
650 ## - SUBJECT ADDED ENTRY--TOPICAL TERM
Topical term or geographic name entry element MORTGAGES
650 ## - SUBJECT ADDED ENTRY--TOPICAL TERM
Topical term or geographic name entry element EUROPE
650 ## - SUBJECT ADDED ENTRY--TOPICAL TERM
Topical term or geographic name entry element BUILDING SOCIETIES
650 ## - SUBJECT ADDED ENTRY--TOPICAL TERM
Topical term or geographic name entry element BANKS
650 ## - SUBJECT ADDED ENTRY--TOPICAL TERM
Topical term or geographic name entry element HOUSING FINANCE
650 ## - SUBJECT ADDED ENTRY--TOPICAL TERM
Topical term or geographic name entry element STATISTICS
650 ## - SUBJECT ADDED ENTRY--TOPICAL TERM
Topical term or geographic name entry element INTERNATIONAL
650 ## - SUBJECT ADDED ENTRY--TOPICAL TERM
Topical term or geographic name entry element ORGANISATION
650 ## - SUBJECT ADDED ENTRY--TOPICAL TERM
Topical term or geographic name entry element RESIDENTIAL
650 ## - SUBJECT ADDED ENTRY--TOPICAL TERM
Topical term or geographic name entry element INSURANCE COMPANIES
690 ## - LOCAL SUBJECT ADDED ENTRY--TOPICAL TERM (OCLC, RLIN)
Topical term or geographic name as entry element HOUSING-FINANCE
856 40 - ELECTRONIC LOCATION AND ACCESS
Uniform Resource Identifier <a href="https://www.hypo.org">https://www.hypo.org</a>
Public note View the website free of charge at www.hypo.org...
942 ## - ADDED ENTRY ELEMENTS (KOHA)
Suppress in OPAC 0
Holdings
Withdrawn status Lost status Source of classification or shelving scheme Damaged status Not for loan Home library Current library Shelving location Date acquired Total Checkouts Full call number Barcode Date last seen Copy number Price effective from Koha item type
    Dewey Decimal Classification     Virtual Virtual Online 10/10/2000   WEB SITE 108710-2001 06/08/2019 1 06/08/2019 Online material